000 01115nac a22003137a 4500
001 BR0004028
003 BR-BrBNA
005 20240105122453.0
008 230509b bl.|||m| |||| 00| 0 por d
040 _aBR-BrBNA
_bpor
_cBiblioteca Nacional de Agricultura
072 _aF01; E70
090 _a9539 BR0004028
100 1 _aDias, J.C.A.
110 1 _aCentro de Pesquisa Agropecuaria de Terras Baixas de Clima Temperado, Pelotas, RS (Brasil)
_91554
245 1 _aCanola - colza alternativa de inverno com perspectiva de producao de oleo comestivel e combustivel
260 3 _aPelotas, RS (Brasil):
_c1992.
300 _a46 p.
490 _aBoletim de Pesquisa - Centro de Pesquisa Agropecuaria de Terras Baixas de Clima Temperado (Brazil)
_vno. 3
_xISSN 0104-0170
500 _aSummaries (En, Pt); 10 tables; 27 ref.
650 _aColza
650 _aProducao Vegetal
650 _aOleo Vegetal
650 _aComercializacao
650 _aDoenca de Planta
650 _aPraga de Planta
650 _aPratica Cultural
909 _a202312
_bLúcia Elande
_c55
_dLúcia Elande
942 _2AGRIS
_n0
_cMS
999 _c291205
_d291205